Ultimate World Geography Quiz with an Empty Map - Statistics

General Stats
  • This quiz has been taken 720 times
    699 since last reset
  • The average score is 126 of 196
Answers on the Map
Answers color-coded by a green-red scale on the quiz's map according to % correct below.
 
Answer Stats
Description Country % Correct
Northern Africa, bordering the Mediterranean Sea, between Morocco and Tunisia Algeria
95%
South Central Africa, north of South Africa, between Namibia and Zimbabwe Botswana
95%
Southwestern Asia, between Turkey (to the west) and Azerbaijan Armenia
85%
Central America, bordering the Caribbean Sea, between Guatemala and Mexico Belize
84%
Southeastern Asia, bordering the Gulf of Thailand, between Thailand, Vietnam, and Laos Cambodia
82%
Central Africa, south of Libya, west of Sudan Chad
82%
Oceania, continent between the Indian Ocean and the South Pacific Ocean Australia
80%
Central Europe, north of Italy and Slovenia Austria
80%
Southern South America, bordering the South Atlantic Ocean, between Argentina and Brazil Uruguay
80%
Southern Asia, bordering the Bay of Bengal, between Myanmar (Burma) and India Bangladesh
79%
Central South America, southwest of Brazil, bordering Chile and Peru Bolivia
79%
Western Africa, north of Ghana Burkina Faso
79%
Central Africa, east of Democratic Republic of the Congo, south of Rwanda Burundi
77%
Island nation in the Mediterranean Sea, south of Turkey Cyprus
77%
Southeastern Europe, bordering the Adriatic Sea and Ionian Sea, between Greece in the south and Montenegro and Kosovo to the north Albania
76%
Southern South America, bordering the South Atlantic Ocean, between Chile and Uruguay Argentina
76%
Middle East, archipelago in the Persian Gulf, east of Saudi Arabia Bahrain
76%
Eastern Asia, bordering the East China Sea, Korea Bay, Yellow Sea, and South China Sea, between North Korea and Vietnam China
76%
Southwestern Europe, Micro-nation in the Pyrenees mountains, on the border between France and Spain Andorra
75%
Eastern Europe, east of Poland Belarus
75%
Southern Asia, between China and India Bhutan/Nepal
75%
Southeastern Asia, bordering the South China Sea and Malaysia Brunei
75%
Central Africa, north of Democratic Republic of the Congo, between Cameroon and South Sudan Central African Republic
75%
Southern Africa, group of islands at the northern mouth of the Mozambique Channel, about two-thirds of the way between northern Madagascar and northern Mozambique Comoros
75%
Central America, bordering both the Caribbean Sea and the North Pacific Ocean, between Nicaragua and Panama Costa Rica
75%
Southeastern Europe, bordering the Adriatic Sea, between Bosnia and Herzegovina and Slovenia Croatia
75%
Caribbean, island between the Caribbean Sea and the North Atlantic Ocean, 150 km south of Key West, Florida. Capital Havana Cuba
75%
Central Europe, surrounded by Germany, Poland, Slovakia, and Austria Czech Republic
75%
Northern Europe, bordering the Baltic Sea and the North Sea, on a peninsula north of Germany (Jutland) Denmark
75%
Caribbean, eastern two-thirds of the island of Hispaniola, between the Caribbean Sea and the North Atlantic Ocean, east of Haiti Dominican Republic
75%
Northern Africa, bordering the Mediterranean Sea, between Libya and the Gaza Strip, and the Red Sea north of Sudan, and includes the Asian Sinai Peninsula Egypt
75%
Northern Europe, bordering the Baltic Sea, Gulf of Bothnia, and Gulf of Finland, between Sweden and Russia Finland
75%
Western Europe, bordering the North Sea, between France and the Netherlands Belgium
74%
Southeastern Europe, bordering the Adriatic Sea between Croatia and Montenegro Bosnia and Herzegovina
74%
Eastern South America, bordering the Atlantic Ocean, with French Guiana to the north, Uruguay to the south Brazil
74%
Central Africa, bordering the Bight of Biafra, between Equatorial Guinea and Nigeria Cameroon
74%
Northern North America, bordering the North Atlantic Ocean on the east, North Pacific Ocean on the west, and the Arctic Ocean on the north, north of the conterminous US Canada
74%
Western Africa, group of islands in the North Atlantic Ocean, west of Senegal Cape Verde
74%
Northern South America, between Venezuela, and Ecuador Colombia
74%
Eastern Africa, bordering the Gulf of Aden and the Red Sea, between Eritrea and Somalia Djibouti
74%
Western South America, bordering the Pacific Ocean at the Equator, between Colombia and Peru Ecuador
74%
Western Africa, between Nigeria and Togo Benin
73%
Southeast Asian nation occupying half the island of Timor East Timor
73%
Central America, bordering the North Pacific Ocean, between Guatemala and Honduras El Salvador
73%
Western Europe, bordering the Bay of Biscay and English Channel, between Belgium and Spain, southeast of the UK; bordering the Mediterranean Sea, between Italy and Spain France
73%
Eastern Europe, bordering the Baltic Sea and Gulf of Finland, between Latvia and Russia Estonia
72%
Caribbean, western one-third of the island of Hispaniola, between the Caribbean Sea and the North Atlantic Ocean, west of the Dominican Republic Haiti
72%
Central Africa, northeast of Angola Dem. Rep. of the Congo
71%
Eastern Africa, bordering the Red Sea, between Djibouti and Sudan Eritrea
71%
Eastern Africa, west of Somalia, south of Eritrea Ethiopia
71%
Central Europe, bordering the Baltic Sea and the North Sea, between the Netherlands and Poland, south of Denmark Germany
71%
Southwestern Asia, bordering the Caspian Sea, between Iran and Russia, with a small European portion north of the Caucasus range Azerbaijan
70%
Southeastern Europe, bordering the Black Sea, between Romania and Turkey Bulgaria
70%
Southwestern Asia, bordering the Black Sea, between Turkey and Russia, with a sliver of land north of the Caucasus extending into Europe Georgia
70%
Southern Africa, bordering the South Atlantic Ocean, between Namibia and Democratic Republic of the Congo Angola
69%
Southern Africa, between Mozambique and South Africa Eswatini
69%
Southern Europe, bordering the Aegean Sea, Ionian Sea, and the Mediterranean Sea, between Albania and Turkey Greece
69%
Northern South America, bordering the North Atlantic Ocean, between Suriname and Venezuela Guyana
69%
Northern Europe, island between the Greenland Sea and the North Atlantic Ocean, northwest of the United Kingdom Iceland
69%
Western Europe, islands - including the northern one-sixth of the island of Ireland - between the North Atlantic Ocean and the North Sea; northwest of France United Kingdom
69%
North America, bordering both the North Atlantic Ocean and the North Pacific Ocean, between Canada and Mexico United States
69%
Southern South America, bordering the South Pacific Ocean, between Argentina and Peru Chile
68%
Mountainous Caribbean island nation with natural hot springs and tropical rain forests. Capital city Roseau. Dominica
68%
Central America, bordering the Caribbean Sea, between Guatemala and Nicaragua and bordering the Gulf of Fonseca (North Pacific Ocean), between El Salvador and Nicaragua Honduras
68%
Western Europe, occupying five-sixths of an island in the North Atlantic Ocean, west of Great Britain Ireland
68%
Caribbean, island in the Caribbean Sea, south of Cuba, Capital Kingston Jamaica
68%
A high-altitude, landlocked kingdom encircled by South Africa Lesotho
68%
Caribbean, island in the North Atlantic Ocean, northeast of Venezuela. Capital Bridgetown Barbados
67%
Central Africa, bordering the Bight of Biafra, between Cameroon and Gabon Equatorial Guinea
67%
Western Africa, bordering the North Atlantic Ocean and Senegal Gambia
67%
Western Africa, bordering the Gulf of Guinea, between Cote d'Ivoire and Togo Ghana
67%
Central America, bordering the North Pacific Ocean, between El Salvador and Mexico, and bordering the Gulf of Honduras (Caribbean Sea) between Honduras and Belize Guatemala
67%
Southern Asia, bordering the Arabian Sea and the Bay of Bengal, between Burma and Pakistan India
67%
Middle East, bordering the Mediterranean Sea, between Egypt and Lebanon Israel
67%
Eastern Europe, bordering the Baltic Sea, between Estonia and Lithuania Latvia
67%
Central Europe, east of France, north of Italy Switzerland
67%
Southern Asia, north and west of Pakistan, east of Iran Afghanistan
66%
Central Africa, bordering the Atlantic Ocean at the Equator, between Republic of the Congo and Equatorial Guinea Gabon
66%
Southern Europe, a peninsula extending into the central Mediterranean Sea, northeast of Tunisia Italy
66%
Middle East, northwest of Saudi Arabia, between Israel (to the west) and Iraq Jordan
66%
Southeastern Asia, northeast of Thailand, west of Vietnam Laos
66%
Middle East, bordering the Mediterranean Sea, between Israel and Syria Lebanon
66%
Northern Europe, bordering the Baltic Sea, Gulf of Bothnia, Kattegat, and Skagerrak, between Finland and Norway Sweden
66%
Middle East, bordering the Gulf of Oman, the Persian Gulf, and the Caspian Sea, between Iraq and Pakistan Iran
65%
Middle East, bordering the Persian Gulf, between Iran and Kuwait Iraq
65%
Eastern Asia, island chain between the North Pacific Ocean and the Sea of Japan, east of the Korean Peninsula Japan
65%
Eastern Africa, bordering the Indian Ocean, between Somalia and Tanzania Kenya
65%
Middle East, bordering the Persian Gulf, between Iraq and Saudi Arabia Kuwait
65%
Central Asia, west of China, south of Kazakhstan Kyrgyzstan
65%
Northern Africa, bordering the Mediterranean Sea, between Egypt, Tunisia, and Algeria Libya
65%
Eastern Europe, bordering the Baltic Sea, between Latvia and Russia Lithuania
65%
Western Europe, between France and Germany Luxembourg
65%
Southeastern Asia, peninsula bordering Thailand and northern one-third of the island of Borneo, bordering Indonesia, Brunei, and the South China Sea, south of Vietnam Malaysia
65%
Southern Asia, group of atolls in the Indian Ocean, south-southwest of India. Capital Male Maldives
65%
Southern Europe, islands in the Mediterranean Sea, south of Sicily (Italy) Malta
65%
Central South America, northeast of Argentina, southwest of Brazil Paraguay
65%
Caribbean, islands between the Caribbean Sea and the North Atlantic Ocean, Capital St John's Antigua and Barbuda
64%
Oceania, island group in the North Pacific Ocean, about three-quarters of the way from Hawaii to Indonesia. Capital Palikir Fed. States of Micronesia
64%
Island country in the South Pacific, an archipelago of more than 300 islands. Capital is Suva Fiji
64%
Western Africa, bordering the North Atlantic Ocean, between Guinea-Bissau and Sierra Leone Guinea
64%
Central Europe, northwest of Romania Hungary
64%
Western Africa, bordering the North Atlantic Ocean, between Ghana and Liberia Ivory Coast
64%
Southeast Europe, between Serbia and Macedonia Kosovo
64%
Central Europe, between Austria and Switzerland Liechtenstein
64%
Southern Africa, island in the Indian Ocean, east of Mozambique Madagascar
64%
Southern Africa, island in the Indian Ocean, east of Madagascar. Capital Port Louis Mauritius
64%
Northern Asia, between China and Russia Mongolia
64%
Caribbean, island between the Caribbean Sea and Atlantic Ocean, north of Trinidad and Tobago. Capital Saint George's Grenada
63%
Western Africa, bordering the North Atlantic Ocean, between Guinea and Senegal Guinea Bissau
63%
Interior Western Africa, southwest of Algeria, north of Guinea, Cote d'Ivoire, and Burkina Faso, west of Niger Mali
63%
Western Africa, bordering the North Atlantic Ocean, between Senegal and Western Sahara Mauritania
63%
North America, bordering the Caribbean Sea and the Gulf of Mexico, between Belize and the United States and bordering the North Pacific Ocean, between Guatemala and the United States Mexico
63%
Western Europe, bordering the Mediterranean Sea on the southern coast of France, near the border with Italy Monaco
63%
Southern Asia, between China and India Nepal/Bhutan
63%
East-Central Africa, west of Kenya, east of the Democratic Republic of the Congo Uganda
63%
Southeastern Asia, archipelago between the Indian Ocean and the Pacific Ocean Indonesia
62%
Oceania, group of 33 coral atolls in the Pacific Ocean, straddling the Equator; the capital Tarawa is about half way between Hawaii and Australia Kiribati
62%
Western Africa, bordering the North Atlantic Ocean, between Cote d'Ivoire and Sierra Leone Liberia
62%
Central America, bordering both the Caribbean Sea and the North Pacific Ocean, between Costa Rica and Honduras Nicaragua
62%
Eastern Asia, northern half of the Korean Peninsula bordering the Korea Bay and the Sea of Japan, between China and South Korea North Korea
62%
Northern South America, bordering the Caribbean Sea and the North Atlantic Ocean, between Colombia and Guyana Venezuela
62%
Western Europe, bordering the North Sea, between Belgium and Germany Netherlands
61%
Central Asia, northwest of China; a small portion west of the Ural (Zhayyq) River in eastern-most Europe Kazakhstan
60%
Northern Africa, bordering the North Atlantic Ocean and the Mediterranean Sea, between Algeria and Western Sahara Morocco
60%
Southeastern Asia, bordering the Andaman Sea and the Bay of Bengal, between Bangladesh and Thailand Myanmar
60%
Southern Africa, bordering the South Atlantic Ocean, between Angola and South Africa Namibia
60%
Western Africa, bordering the Gulf of Guinea, between Benin and Cameroon Nigeria
60%
Northern Europe, bordering the North Sea and the North Atlantic Ocean, west of Sweden Norway
60%
Middle East, bordering the Arabian Sea, Gulf of Oman, and Persian Gulf, between Yemen and UAE Oman
60%
Western Africa, bordering the North Atlantic Ocean, between Guinea-Bissau and Mauritania Senegal
60%
Central Europe, south of Poland, north of Hungary Slovakia
60%
Eastern Europe, bordering the Black Sea, between Poland, Romania, and Moldova in the west and Russia in the east Ukraine
60%
Southern Africa, east of Zambia, west and north of Mozambique Malawi
59%
Eastern Europe, northeast of Romania Moldova
59%
Southeastern Europe, between the Adriatic Sea and Serbia Montenegro
59%
Southeast Europe in the Balkan Peninsula. Landlocked and north of Greece North Macedonia
59%
Western Africa, bordering the Bight of Benin, between Benin and Ghana Togo
59%
Oceania, group of islands in the South Pacific Ocean, about three-quarters of the way from Hawaii to Australia. Capital Port Vila Vanuatu
59%
A city-state surrounded by Rome, Italy. Vatican City
59%
Southeastern Africa, bordering the Mozambique Channel, between South Africa and Tanzania Mozambique
58%
Oceania, island in the South Pacific Ocean, south of the Marshall Islands. Capital Yaren Nauru
58%
Oceania, islands in the South Pacific Ocean, southeast of Australia New Zealand
58%
Central America, bordering both the Caribbean Sea and the North Pacific Ocean, between Colombia and Costa Rica Panama
58%
North Asia bordering the Arctic Ocean, extending from Europe (the portion west of the Urals) to the North Pacific Ocean Russia
58%
Southeastern Asia, bordering the Gulf of Thailand, Gulf of Tonkin, and South China Sea, as well as China, Laos, and Cambodia Vietnam
58%
Southern Africa, east of Angola, south of the Democratic Republic of the Congo Zambia
58%
Western Africa, southeast of Algeria Niger
57%
Southern Asia, bordering the Arabian Sea, between India on the east and Iran and Afghanistan on the west and China in the north Pakistan
57%
Western South America, bordering the South Pacific Ocean, between Chile and Ecuador Peru
57%
Central Europe, east of Germany, west of the Russian enclave Kaliningrad Poland
57%
Central Africa, east of Democratic Republic of the Congo, south of Uganda Rwanda
57%
Central Africa, islands in the Gulf of Guinea, just north of the Equator, west of Gabon São Tomé and Príncipe
57%
Western Africa, bordering the North Atlantic Ocean, between Guinea and Liberia Sierra Leone
57%
Oceania, two archipelagic island chains of 29 atolls, each made up of many small islets, and five single islands in the North Pacific Ocean, about half way between Hawaii and Australia. Capital Majuro Marshall Islands
56%
Southwestern Europe, bordering the North Atlantic Ocean, west of Spain Portugal
56%
Eastern Africa, bordering the Indian Ocean, between Kenya and Mozambique Tanzania
56%
Southeastern Asia, bordering the Andaman Sea and the Gulf of Thailand, southeast of Myanmar Thailand
56%
Southeastern Asia, archipelago between the Philippine Sea and the South China Sea, east of Vietnam Philippines
55%
Central Africa, bordering the South Atlantic Ocean, between Angola and Gabon, borders Cameroon Republic of the Congo
55%
Middle East, bordering the Persian Gulf and the Red Sea, north of Yemen Saudi Arabia
55%
Southeastern Europe, between Macedonia and Hungary Serbia
55%
South Central Europe, Julian Alps between Austria and Croatia Slovenia
55%
Southern Africa, at the southern tip of the continent of Africa South Africa
55%
Caribbean, islands in the Caribbean Sea, about one-third of the way from Puerto Rico to Trinidad and Tobago. Capital Basseterre St. Kitts and Nevis
55%
Northern Africa, bordering the Mediterranean Sea, between Algeria and Libya Tunisia
55%
Oceania, group of islands in the North Pacific Ocean, southeast of the Philippines. Capital Ngerulmud Palau
54%
Western Asia, occupying the small Qatar Peninsula on the northeastern coast of the Arabian Peninsula. Qatar
54%
A small-sized country,surrounded by Italy, situated on the Italian Peninsula on the northeastern side of the Apennine Mountains. San Marino
54%
Oceania, group of islands including the eastern half of the island of New Guinea between the Coral Sea and the South Pacific Ocean, east of Indonesia Papua New Guinea
53%
Southeastern Europe, bordering the Black Sea, between Bulgaria and Ukraine Romania
53%
Oceania, group of islands in the South Pacific Ocean, about half way between Hawaii and New Zealand. Capital Apia Samoa
53%
Archipelago in the Indian Ocean, northeast of Madagascar. Capital Victoria Seychelles
53%
Eastern Africa, bordering the Gulf of Aden and the Indian Ocean, east of Ethiopia Somalia
53%
Eastern Asia, southern half of the Korean Peninsula bordering the Sea of Japan and the Yellow Sea South Korea
53%
Southern Africa, between South Africa and Zambia Zimbabwe
53%
Southeastern Asia, islands between Malaysia and Indonesia Singapore
52%
East-Central Africa; south of Sudan, north of Uganda and Kenya, west of Ethiopia South Sudan
52%
Southern Asia, island in the Indian Ocean, south of India Sri Lanka
52%
Eastern Asia, islands bordering the East China Sea, Philippine Sea, South China Sea, and Taiwan Strait, north of the Philippines, off the southeastern coast of China Taiwan
52%
Central Asia, bordering the Caspian Sea, between Iran and Kazakhstan Turkmenistan
52%
Central Asia, north of Turkmenistan, south of Kazakhstan Uzbekistan
52%
Chain of islands in the Western Atlantic Ocean, southeast of Florida, northeast of Cuba. Capital Nassau Bahamas
51%
Southwestern Europe, bordering the Mediterranean Sea, North Atlantic Ocean, Bay of Biscay, and Pyrenees Mountains; southwest of France Spain
51%
Middle East, bordering the Gulf of Oman and the Persian Gulf, between Oman and Saudi Arabia United Arab Emirates
51%
North-eastern Africa, bordering the Red Sea, between Egypt and Eritrea Sudan
50%
Northern South America, bordering the North Atlantic Ocean, between French Guiana and Guyana Suriname
50%
Middle East, bordering the Mediterranean Sea, between Lebanon and Turkey Syria
50%
Central Asia, west of China, south of Kyrgyzstan Tajikistan
50%
Southeastern Europe and Southwestern Asia, bordering the Black Sea, between Bulgaria and Georgia, and bordering the Aegean Sea and the Mediterranean Sea, between Greece and Syria Turkey
50%
Middle East, bordering the Arabian Sea, Gulf of Aden, and Red Sea, between Oman and Saudi Arabia Yemen
50%
Oceania, group of islands in the South Pacific Ocean, east of Papua New Guinea. Capital Honiara Solomon Islands
49%
Caribbean, islands between the Caribbean Sea and the North Atlantic Ocean, northeast of Venezuela. Capital Port of Spain Trinidad and Tobago
49%
Caribbean, island between the Caribbean Sea and North Atlantic Ocean, north of Trinidad and Tobago. Capital Castries St. Lucia
47%
Oceania, island group consisting of nine coral atolls in the South Pacific Ocean, about one-half of the way from Hawaii to Australia. Capital Funafuti Tuvalu
47%
Caribbean, islands between the Caribbean Sea and North Atlantic Ocean, north of Trinidad and Tobago. Capital Kingstown St. Vincent and Grenadines
46%
Oceania, archipelago in the South Pacific Ocean, about two-thirds of the way from Hawaii to New Zealand. capital Nukualofa Tonga
46%
No matching quizzes found
Score Distribution
Percent of People with Each Score
Percentile by Number Answered
Your Score History
You have not taken this quiz since the last reset